Celestial mechanics (Record no. 9114)

MARC details
000 -LEADER
fixed length control field 00850nam a2200217Ia 4500
003 - CONTROL NUMBER IDENTIFIER
control field IN-BaIIA
008 - FIXED-LENGTH DATA ELEMENTS--GENERAL INFORMATION
fixed length control field 211028s9999 xx 000 0 eng d
040 ## - CATALOGING SOURCE
Transcribing agency IIA Library
080 ## - UNIVERSAL DECIMAL CLASSIFICATION NUMBER
Universal Decimal Classification number 521.1(082.2)
Item number PRO
111 ## - MAIN ENTRY--MEETING NAME
Meeting name or jurisdiction name as entry element Symposium on "Celestial Mechanics"
Number of part/section/meeting 12th
Location of meeting Munchen
Date of meeting or treaty signing 1987
9 (RLIN) 15301
245 #0 - TITLE STATEMENT
Title Celestial mechanics
Remainder of title proceedings of the twentieth symposium on "celestial mechanics", held in Munchen, 1987
Statement of responsibility, etc. edited by Hiroshi Kinoshita, Hiroshi Nakai and Makoto Yoshikawa
260 ## - PUBLICATION, DISTRIBUTION, ETC.
Place of publication, distribution, etc. Maryland
Name of publisher, distributor, etc. Direct
300 ## - PHYSICAL DESCRIPTION
Extent 150p.
650 ## - SUBJECT ADDED ENTRY--TOPICAL TERM
Topical term or geographic name entry element Astronomy and Astrophysics Thesaurus
650 ## - SUBJECT ADDED ENTRY--TOPICAL TERM
Topical term or geographic name entry element Bright Stars Catalogue
9 (RLIN) 4472
650 ## - SUBJECT ADDED ENTRY--TOPICAL TERM
Topical term or geographic name entry element Catalogue-Bright Stars
9 (RLIN) 4473
700 ## - ADDED ENTRY--PERSONAL NAME
Personal name Kinoshita, Hiroshi, ed.
9 (RLIN) 15302
700 ## - ADDED ENTRY--PERSONAL NAME
Personal name Nakai, Hiroshi, ed.
9 (RLIN) 15303
700 ## - ADDED ENTRY--PERSONAL NAME
Personal name Yoshikawa, Makoto, ed.
9 (RLIN) 15304
942 ## - ADDED ENTRY ELEMENTS (KOHA)
Koha item type Books
Holdings
Withdrawn status Lost status Damaged status Not for loan Home library Current library Shelving location Date acquired Total Checkouts Full call number Barcode Date last seen Price effective from Koha item type
        IIA Library-Bangalore IIA Library-Bangalore General Stacks     521.1(082.2)/ PRO 10016 05/11/2021   Books

Powered by Koha